| 000 | 00696cam a22002533a 4500 | ||
|---|---|---|---|
| 001 | 349 | ||
| 003 | PGUSA | ||
| 005 | 20140828082947.0 | ||
| 008 | 951001s1995||||xxu|||||s|||||000 1 eng d | ||
| 040 |
_aPGUSA _beng |
||
| 042 | _adc | ||
| 050 | 4 | _aPS | |
| 100 | 1 |
_aStratton-Porter, Gene, _d1863-1924 |
|
| 245 | 1 | 4 |
_aThe Harvester _h[electronic resource] / _cGene Stratton-Porter |
| 260 |
_bProject Gutenberg, _c1995 |
||
| 506 | _aPublic domain in the USA. | ||
| 516 | _aElectronic text | ||
| 653 | _aIndiana -- Fiction | ||
| 653 | _aDidactic fiction | ||
| 653 | _aHerbalists -- Fiction | ||
| 830 | 0 |
_aProject Gutenberg _v349 |
|
| 856 | 4 | 0 | _uhttp://www.gutenberg.org/ebooks/349 |
| 942 | _cEB | ||
| 999 |
_c229700 _d229700 |
||